| 000 | 00446nam a2200157Ia 4500 | ||
|---|---|---|---|
| 008 | 151213s9999 xx 000 0 und d | ||
| 020 | _a0-393-09791-9 | ||
| 100 | _aEd. James Gindin | ||
| 245 |
_aThe Return Of the Native, Thomas Hardly _cEd. James Gindin |
||
| 260 |
_aNew York _bW.W Norton and Company _c2002 |
||
| 300 | _a5236 p. | ||
| 650 | _aEnglish Literature | ||
| 650 | _aEnglish Literature | ||
| 700 | _aEd. James Gindin | ||
| 999 |
_c3229 _d3229 |
||